| 000 | 01572nam0a2200337 4500 | ||
|---|---|---|---|
| 001 | RU\NLR\BIBL_A\022277545 | ||
| 005 | 20260420012134.0 | ||
| 010 |
_a978-5-00187-741-7 _9130 |
||
| 021 |
_aRU _bКН-П-24-031754 _9КН-П-24-3210 |
||
| 035 | _a(NLR Aleph) 022277545 | ||
| 090 |
_a13660609 _c13660609 |
||
| 100 | _a20240715d2024 k y0rusy50 ca | ||
| 101 | 0 | _arus | |
| 102 | _aRU | ||
| 105 | _aa z 000yy | ||
| 181 | 0 |
_ai3 _baxxe |
|
| 182 | 0 | _an | |
| 200 | 1 |
_aВнешнеэкономическая деятельность. Бухгалтерский учет, анализ и налогообложение _eмонография _fА. Г. Булгадарян |
|
| 203 |
_aТекст _bвизуальный _cнепосредственный |
||
| 210 |
_aМосква _cЗнание-М _d2024 |
||
| 215 |
_a135 с. _cил., табл. _d21 |
||
| 320 | _aБиблиогр. в тексте и в подстроч. примеч. | ||
| 606 | 1 |
_aВнешнеэкономическая деятельность _xБухгалтерский учет _yРоссийская Федерация _92193315 _3RU\NLR\AUTH\661318344 |
|
| 606 | 1 |
_aВнешнеэкономическая деятельность _xНалоговое обложение _yРоссийская Федерация _92325787 _3RU\NLR\AUTH\661391152 |
|
| 686 | 1 | _aУ052.9(2)243(2Р) | |
| 686 | 1 | _aУ26(2)141.3(2Р) | |
| 700 | 1 |
_aБулгадарян _bА. Г. _gАстхик Галустовна |
|
| 942 | _cBOOK | ||
| 980 | _aNB | ||